[Event "National Elementary Championship"]
[Site "Columbus, Ohio, United States"]
[Date "2022.05.15"]
[Round "6.1"]
[White "Liu, Eric"]
[Black "Wang, Isaac"]
[Result "1/2-1/2"]
[TimeControl "G/90;d5"]
[WhiteElo "2166"]
[BlackElo "2209"]

1. e4 {[%clk 01:30:00]} {[%emt 00:00:20]} c6 {[%clk 01:30:00]} 2. d4 {[%clk
01:30:00]} {[%emt 00:00:04]} d5 {[%clk 01:30:00]} 3. Nc3 {[%clk 01:29:59]} dxe4
{[%clk 01:30:00]} 4. Nxe4 {[%clk 01:29:59]} Bf5 {[%clk 01:29:55]} {[%emt
00:00:11]} 5. Ng3 {[%clk 01:29:59]} {[%emt 00:00:05]} Bg6 {[%clk 01:29:50]}
{[%emt 00:00:09]} 6. h4 {[%clk 01:29:59]} {[%emt 00:00:05]} h6 {[%clk
01:29:50]} 7. Bd3 {[%clk 01:29:33]} {[%emt 00:00:29]} Bxd3 {[%clk 01:29:49]}
{[%emt 00:00:27]} 8. Qxd3 {[%clk 01:29:32]} e6 {[%clk 01:29:47]} 9. N1e2 {[%clk
01:29:06]} {[%emt 00:00:22]} Nf6 {[%clk 01:29:34]} {[%emt 00:00:19]} 10. Bd2
{[%clk 01:28:59]} {[%emt 00:00:36]} Nbd7 {[%clk 01:29:19]} 11. O-O-O {[%clk
01:28:35]} {[%emt 00:00:24]} Qb6 {[%clk 01:25:15]} {[%emt 00:04:18]} 12. Ne4
{[%clk 01:23:26]} {[%emt 00:05:06]} Nxe4 {[%clk 01:24:39]} {[%emt 00:00:40]} 13.
Qxe4 {[%clk 01:23:25]} {[%emt 00:00:37]} Nf6 {[%clk 01:24:02]} {[%emt
00:00:11]} 14. Qf3 {[%clk 01:21:40]} {[%emt 00:01:50]} Qb5 {[%clk 01:15:16]}
{[%emt 00:09:16]} 15. g4 {[%clk 01:06:38]} {[%emt 00:15:02]} Qd5 {[%clk
01:13:36]} {[%emt 00:01:25]} 16. Qxd5 {[%clk 01:05:55]} {[%emt 00:01:18]} cxd5
{[%clk 01:11:17]} {[%emt 00:01:55]} 17. f3 {[%clk 01:03:38]} {[%emt 00:02:26]}
Bd6 {[%clk 01:03:28]} {[%emt 00:07:57]} 18. Bf4 {[%clk 00:48:44]} {[%emt
00:14:52]} Kd7 {[%clk 00:59:15]} {[%emt 00:04:18]} 19. Rdg1 {[%clk 00:38:44]}
{[%emt 00:10:32]} g6 {[%clk 00:50:49]} {[%emt 00:08:04]} 20. Bxd6 {[%clk
00:29:40]} {[%emt 00:09:10]} Kxd6 {[%clk 00:50:33]} {[%emt 00:00:28]} 21. Nf4
{[%clk 00:29:35]} {[%emt 00:00:05]} h5 {[%clk 00:48:33]} {[%emt 00:02:03]} 22.
Nd3 {[%clk 00:26:16]} {[%emt 00:04:01]} Nd7 {[%clk 00:46:57]} {[%emt 00:01:03]}
23. Nf4 {[%clk 00:21:17]} {[%emt 00:05:05]} Nf6 {[%clk 00:46:34]} {[%emt
00:00:27]} 24. Nd3 Nd7 {[%clk 00:46:34]} 1/2-1/2

[Event "National Elementary Championship"]
[Site "Columbus, Ohio, United States"]
[Date "2022.05.15"]
[Round "6.2"]
[White "Ziegler, Nate"]
[Black "Shetty, Anshul"]
[Result "0-1"]
[TimeControl "G/90;d5"]
[WhiteElo "1985"]
[BlackElo "2035"]

1. c4 {[%clk 01:30:00]} {[%emt 00:00:19]} Nf6 {[%clk 01:29:57]} 2. Nc3 {[%clk
01:30:00]} d5 {[%clk 01:29:57]} {[%emt 00:00:03]} 3. cxd5 {[%clk 01:29:38]}
{[%emt 00:00:24]} Nxd5 {[%clk 01:29:54]} {[%emt 00:00:25]} 4. e4 {[%clk
01:28:55]} {[%emt 00:00:40]} Nxc3 {[%clk 01:29:50]} {[%emt 00:00:08]} 5. bxc3
{[%clk 01:28:51]} {[%emt 00:00:09]} g6 {[%clk 01:29:46]} {[%emt 00:00:08]} 6.
Nf3 {[%clk 01:28:00]} {[%emt 00:00:49]} Bg7 {[%clk 01:29:43]} {[%emt 00:00:20]}
7. Bc4 {[%clk 01:26:42]} {[%emt 00:01:13]} O-O {[%clk 01:28:46]} {[%emt
00:01:01]} 8. O-O {[%clk 01:26:12]} {[%emt 00:00:44]} c5 {[%clk 01:28:15]}
{[%emt 00:00:40]} 9. Rb1 {[%clk 01:21:43]} {[%emt 00:04:33]} Nc6 {[%clk
01:26:43]} {[%emt 00:01:26]} 10. h3 {[%clk 01:18:43]} {[%emt 00:03:06]} Qc7
{[%clk 01:24:39]} {[%emt 00:02:09]} 11. Qc2 {[%clk 01:18:20]} {[%emt 00:00:27]}
b6 {[%clk 01:23:55]} {[%emt 00:00:57]} 12. Rd1 {[%clk 01:17:28]} {[%emt
00:00:52]} Rd8 {[%clk 01:21:06]} {[%emt 00:02:54]} 13. d3 {[%clk 01:16:09]}
{[%emt 00:01:21]} h6 {[%clk 01:16:06]} {[%emt 00:05:08]} 14. Be3 {[%clk
01:15:06]} {[%emt 00:01:06]} e6 {[%clk 01:14:09]} {[%emt 00:02:40]} 15. Qc1
{[%clk 01:11:42]} {[%emt 00:02:56]} Kh7 {[%clk 01:12:41]} {[%emt 00:01:28]} 16.
Bb3 {[%clk 01:10:46]} {[%emt 00:01:09]} Bb7 {[%clk 01:11:35]} {[%emt 00:01:05]}
17. Bf4 {[%clk 00:55:57]} {[%emt 00:14:55]} Qe7 {[%clk 01:06:21]} {[%emt
00:05:15]} 18. Rb2 {[%clk 00:48:31]} {[%emt 00:07:30]} Rac8 {[%clk 01:04:39]}
{[%emt 00:01:50]} 19. Rbd2 {[%clk 00:44:12]} {[%emt 00:04:21]} Ba6 {[%clk
00:57:40]} {[%emt 00:07:11]} 20. Qa3 {[%clk 00:42:36]} {[%emt 00:01:35]} Bb7
{[%clk 00:54:13]} {[%emt 00:03:32]} 21. Ba4 {[%clk 00:38:58]} {[%emt 00:03:42]}
Na5 {[%clk 00:49:50]} {[%emt 00:04:34]} 22. Bc2 {[%clk 00:36:36]} {[%emt
00:02:27]} e5 {[%clk 00:43:30]} {[%emt 00:06:19]} 23. Bg3 {[%clk 00:33:04]}
{[%emt 00:03:42]} Qe6 {[%clk 00:40:14]} {[%emt 00:03:16]} 24. c4 {[%clk
00:22:41]} {[%emt 00:10:28]} Kh8 {[%clk 00:37:14]} {[%emt 00:03:04]} 25. Nh2
{[%clk 00:22:28]} {[%emt 00:00:23]} Rf8 {[%clk 00:35:22]} {[%emt 00:01:52]} 26.
Nf1 {[%clk 00:22:06]} {[%emt 00:00:25]} f5 {[%clk 00:33:05]} {[%emt 00:02:24]}
27. f3 {[%clk 00:21:43]} {[%emt 00:00:29]} f4 {[%clk 00:32:01]} {[%emt
00:01:08]} 28. Be1 {[%clk 00:20:56]} {[%emt 00:00:54]} h5 {[%clk 00:31:17]}
{[%emt 00:00:49]} 29. Rb1 {[%clk 00:16:59]} {[%emt 00:03:59]} g5 {[%clk
00:30:45]} {[%emt 00:00:45]} 30. Kf2 {[%clk 00:16:32]} {[%emt 00:00:25]} g4
{[%clk 00:28:43]} {[%emt 00:02:26]} 31. hxg4 {[%clk 00:16:15]} {[%emt
00:00:06]} hxg4 {[%clk 00:28:39]} {[%emt 00:00:13]} 32. Ke2 {[%clk 00:16:14]}
{[%emt 00:00:07]} gxf3+ {[%clk 00:28:19]} {[%emt 00:00:17]} 33. gxf3 {[%clk
00:10:56]} {[%emt 00:05:26]} Qh3 {[%clk 00:27:40]} {[%emt 00:00:41]} 34. Bd1
{[%clk 00:10:12]} {[%emt 00:00:51]} Nc6 {[%clk 00:27:00]} {[%emt 00:00:46]} 35.
Bf2 {[%clk 00:10:08]} {[%emt 00:00:05]} Rf7 {[%clk 00:24:16]} {[%emt 00:02:51]}
36. Rdb2 {[%clk 00:09:47]} {[%emt 00:00:40]} Ba8 {[%clk 00:22:20]} {[%emt
00:01:59]} 37. Nd2 {[%clk 00:06:36]} {[%emt 00:03:08]} Qg2 {[%clk 00:20:58]}
{[%emt 00:01:28]} 38. Nb3 {[%clk 00:06:20]} {[%emt 00:00:15]} Bf6 {[%clk
00:18:57]} {[%emt 00:02:06]} 39. Bc2 {[%clk 00:05:51]} {[%emt 00:00:36]} Bh4
{[%clk 00:17:34]} {[%emt 00:01:28]} 40. Rf1 {[%clk 00:05:36]} {[%emt 00:00:16]}
Rg8 {[%clk 00:15:46]} {[%emt 00:01:57]} 41. Rbb1 {[%clk 00:05:23]} {[%emt
00:00:25]} Rg3 {[%clk 00:14:37]} {[%emt 00:01:07]} 42. Bd1 {[%clk 00:05:10]}
{[%emt 00:00:15]} Rxf3 {[%clk 00:13:59]} 0-1

[Event "National Elementary Championship"]
[Site "Columbus, Ohio, United States"]
[Date "2022.05.15"]
[Round "6.3"]
[White "Muthukumaran, Gurru"]
[Black "Vemparala, Nikash"]
[Result "1-0"]
[TimeControl "G/90;d5"]
[WhiteElo "1881"]
[BlackElo "2063"]

1. e4 {[%clk 01:30:00]} {[%emt 00:00:01]} e5 {[%clk 01:30:00]} {[%emt
00:00:04]} 2. Nf3 {[%clk 01:29:59]} {[%emt 00:00:06]} Nc6 {[%clk 01:30:00]}
{[%emt 00:00:05]} 3. d4 {[%clk 01:29:58]} {[%emt 00:00:06]} exd4 {[%clk
01:30:00]} {[%emt 00:00:04]} 4. Nxd4 {[%clk 01:29:56]} {[%emt 00:00:07]} Bc5
{[%clk 01:30:00]} {[%emt 00:00:06]} 5. Nb3 {[%clk 01:29:56]} {[%emt 00:00:05]}
Bb6 {[%clk 01:30:00]} {[%emt 00:00:03]} 6. Nc3 {[%clk 01:29:54]} {[%emt
00:00:07]} Nf6 {[%clk 01:29:56]} {[%emt 00:00:09]} 7. Bg5 {[%clk 01:29:54]}
{[%emt 00:00:04]} d6 {[%clk 01:29:55]} {[%emt 00:00:06]} 8. Qd2 {[%clk
01:29:28]} {[%emt 00:00:31]} Be6 {[%clk 01:26:21]} {[%emt 00:03:39]} 9. O-O-O
{[%clk 01:28:50]} {[%emt 00:00:43]} h6 {[%clk 01:18:32]} {[%emt 00:07:53]} 10.
Bh4 {[%clk 01:27:43]} {[%emt 00:01:12]} g5 {[%clk 01:04:51]} {[%emt 00:13:46]}
11. Bg3 {[%clk 01:27:23]} {[%emt 00:00:24]} Qd7 {[%clk 01:03:49]} {[%emt
00:01:07]} 12. f3 {[%clk 01:26:47]} {[%emt 00:00:41]} O-O-O {[%clk 01:03:28]}
{[%emt 00:00:27]} 13. Bf2 {[%clk 01:26:12]} {[%emt 00:00:39]} Kb8 {[%clk
00:58:48]} {[%emt 00:04:45]} 14. Bxb6 {[%clk 01:25:59]} {[%emt 00:00:17]} axb6
{[%clk 00:58:48]} {[%emt 00:00:04]} 15. Bb5 {[%clk 01:25:50]} {[%emt 00:00:14]}
Qe7 {[%clk 00:47:17]} {[%emt 00:11:36]} 16. Nd4 {[%clk 01:22:14]} {[%emt
00:03:41]} Ne5 {[%clk 00:45:28]} {[%emt 00:01:54]} 17. Qe2 {[%clk 01:15:49]}
{[%emt 00:06:28]} Ng6 {[%clk 00:39:56]} {[%emt 00:05:38]} 18. g3 {[%clk
01:14:28]} {[%emt 00:01:27]} h5 {[%clk 00:39:08]} {[%emt 00:00:53]} 19. Qe3
{[%clk 01:11:13]} {[%emt 00:03:20]} Nd7 {[%clk 00:36:33]} {[%emt 00:02:40]} 20.
f4 {[%clk 01:08:55]} {[%emt 00:02:22]} gxf4 {[%clk 00:34:50]} {[%emt 00:01:49]}
21. gxf4 {[%clk 01:08:46]} {[%emt 00:00:14]} Bg4 {[%clk 00:33:44]} {[%emt
00:01:10]} 22. Rde1 {[%clk 01:07:40]} {[%emt 00:01:11]} h4 {[%clk 00:30:09]}
{[%emt 00:03:41]} 23. Nd5 {[%clk 01:03:47]} {[%emt 00:03:57]} Qf8 {[%clk
00:28:26]} {[%emt 00:01:48]} 24. h3 {[%clk 00:58:49]} {[%emt 00:05:03]} Bh5
{[%clk 00:27:18]} {[%emt 00:01:13]} 25. Qa3 {[%clk 00:58:02]} {[%emt 00:00:52]}
Nge5 {[%clk 00:19:38]} {[%emt 00:07:46]} 26. fxe5 {[%clk 00:57:37]} {[%emt
00:00:30]} Nxe5 {[%clk 00:19:25]} {[%emt 00:00:17]} 27. Be2 {[%clk 00:56:06]}
{[%emt 00:01:36]} Bg6 {[%clk 00:18:40]} {[%emt 00:00:50]} 28. Bd3 {[%clk
00:53:57]} {[%emt 00:02:14]} Qe8 {[%clk 00:16:48]} {[%emt 00:01:57]} 29. Rhf1
{[%clk 00:51:51]} {[%emt 00:02:10]} Rf8 {[%clk 00:12:15]} {[%emt 00:04:40]} 30.
Nb5 {[%clk 00:46:34]} {[%emt 00:05:22]} Nxd3+ {[%clk 00:11:54]} {[%emt
00:00:26]} 31. Qxd3 {[%clk 00:46:28]} {[%emt 00:00:11]} c6 {[%clk 00:11:37]}
{[%emt 00:00:22]} 32. Nf6 {[%clk 00:45:41]} {[%emt 00:00:52]} Qe6 {[%clk
00:11:17]} {[%emt 00:00:23]} 33. Nc3 {[%clk 00:45:00]} {[%emt 00:00:47]} b5
{[%clk 00:10:41]} {[%emt 00:00:41]} 34. a3 {[%clk 00:44:40]} {[%emt 00:00:26]}
Qe5 {[%clk 00:09:41]} {[%emt 00:01:05]} 35. Ng4 {[%clk 00:43:39]} {[%emt
00:01:06]} Qc5 {[%clk 00:09:30]} {[%emt 00:00:15]} 36. b4 {[%clk 00:43:04]}
{[%emt 00:00:40]} Qb6 {[%clk 00:09:18]} {[%emt 00:00:17]} 37. Qe3 {[%clk
00:42:46]} {[%emt 00:00:23]} Qc7 {[%clk 00:08:26]} {[%emt 00:00:58]} 38. Qg5
{[%clk 00:42:15]} {[%emt 00:00:35]} Rh8 {[%clk 00:07:50]} {[%emt 00:00:41]} 39.
Qf6 {[%clk 00:41:23]} {[%emt 00:00:58]} Qd7 {[%clk 00:05:06]} {[%emt 00:02:49]}
40. Rd1 {[%clk 00:40:55]} {[%emt 00:00:33]} Ka8 {[%clk 00:03:41]} {[%emt
00:01:31]} 41. Rf3 {[%clk 00:40:26]} {[%emt 00:00:33]} Rhe8 {[%clk 00:02:41]}
{[%emt 00:01:05]} 42. Rfd3 {[%clk 00:39:20]} {[%emt 00:01:11]} Re6 {[%clk
00:02:24]} {[%emt 00:00:22]} 43. Qxh4 {[%clk 00:39:12]} {[%emt 00:00:13]} Qc7
{[%clk 00:02:00]} {[%emt 00:00:30]} 44. Qg3 {[%clk 00:38:51]} {[%emt 00:00:26]}
f5 {[%clk 00:01:15]} {[%emt 00:00:50]} 45. exf5 {[%clk 00:38:34]} {[%emt
00:00:22]} Bxf5 {[%clk 00:01:15]} {[%emt 00:00:01]} 46. Re3 {[%clk 00:37:52]}
{[%emt 00:00:47]} Rg6 {[%clk 00:01:00]} {[%emt 00:00:20]} 47. Qf4 {[%clk
00:36:45]} {[%emt 00:01:12]} Bxg4 {[%clk 00:00:23]} {[%emt 00:00:42]} 48. hxg4
{[%clk 00:36:42]} {[%emt 00:00:08]} Rdg8 {[%clk 00:00:23]} 49. Rg3 {[%clk
00:36:18]} {[%emt 00:00:30]} Qd7 {[%clk 00:00:19]} {[%emt 00:00:10]} 50. Rd4
{[%clk 00:35:43]} {[%emt 00:00:39]} d5 {[%clk 00:00:18]} {[%emt 00:00:07]} 51.
Kb2 {[%clk 00:35:06]} {[%emt 00:00:42]} Qe6 {[%clk 00:00:18]} {[%emt 00:00:04]}
52. Ka2 {[%clk 00:33:36]} {[%emt 00:01:35]} Qe1 {[%clk 00:00:16]} {[%emt
00:00:06]} 53. Qf3 {[%clk 00:32:29]} {[%emt 00:01:12]} Qc1 {[%clk 00:00:13]}
{[%emt 00:00:08]} 54. Qd1 {[%clk 00:32:11]} {[%emt 00:00:24]} Qh6 {[%clk
00:00:13]} {[%emt 00:00:02]} 55. Ne2 {[%clk 00:31:37]} {[%emt 00:00:38]} Re6
{[%clk 00:00:12]} {[%emt 00:00:06]} 56. Nf4 {[%clk 00:31:00]} {[%emt 00:00:42]}
Rf6 {[%clk 00:00:12]} 57. Qf3 {[%clk 00:28:45]} {[%emt 00:02:20]} Qg5 {[%clk
00:00:12]} 58. Qe3 {[%clk 00:28:00]} {[%emt 00:00:50]} Qh4 {[%clk 00:00:12]}
{[%emt 00:00:04]} 59. Nh5 {[%clk 00:27:16]} {[%emt 00:00:49]} Rf1 {[%clk
00:00:12]} {[%emt 00:00:05]} 60. Rh3 {[%clk 00:26:29]} {[%emt 00:00:51]} Qd8
{[%clk 00:00:12]} {[%emt 00:00:01]} 61. Rf4 {[%clk 00:25:37]} {[%emt 00:00:57]}
d4 {[%clk 00:00:04]} {[%emt 00:00:14]} 62. Qxd4 {[%clk 00:24:38]} {[%emt
00:01:04]} Rxf4 {[%clk 00:00:03]} {[%emt 00:00:06]} 63. Qxd8+ {[%clk 00:24:09]}
{[%emt 00:00:34]} Rxd8 {[%clk 00:00:03]} 64. Nxf4 {[%clk 00:24:09]} {[%emt
00:00:03]} Rd4 {[%clk 00:00:03]} 65. Rh8+ {[%clk 00:23:37]} {[%emt 00:00:38]}
Ka7 {[%clk 00:00:03]} {[%emt 00:00:03]} 66. Rf8 {[%clk 00:23:28]} {[%emt
00:00:13]} Rd2 {[%clk 00:00:03]} 67. Kb3 {[%clk 00:23:03]} {[%emt 00:00:31]}
Rd1 {[%clk 00:00:03]} {[%emt 00:00:01]} 68. g5 {[%clk 00:22:53]} {[%emt
00:00:15]} Rb1+ {[%clk 00:00:03]} {[%emt 00:00:01]} 69. Kc3 {[%clk 00:22:43]}
{[%emt 00:00:15]} Rg1 {[%clk 00:00:03]} {[%emt 00:00:01]} 70. g6 {[%clk
00:22:38]} {[%emt 00:00:11]} Rg3+ {[%clk 00:00:03]} {[%emt 00:00:01]} 71. Kd4
{[%emt 00:00:39]} c5+ 72. Kxc5 {[%clk 00:21:37]} {[%emt 00:00:26]} b6+ {[%clk
00:00:03]} 73. Kd4 {[%clk 00:21:18]} {[%emt 00:00:24]} Rg5 {[%clk 00:00:03]}
{[%emt 00:00:02]} 74. Rf7+ {[%clk 00:21:07]} {[%emt 00:00:16]} Ka6 {[%clk
00:00:03]} 75. Rf8 {[%clk 00:20:39]} {[%emt 00:00:34]} Ka7 {[%clk 00:00:03]} 76.
Ke4 {[%emt 00:00:16]} Kb7 77. Rg8 {[%clk 00:20:07]} {[%emt 00:00:25]} Rg1
{[%clk 00:00:03]} {[%emt 00:00:03]} 78. g7 {[%clk 00:19:52]} {[%emt 00:00:20]}
Rg5 {[%clk 00:00:03]} 79. Ne6 {[%clk 00:19:31]} {[%emt 00:00:26]} Rg1 {[%clk
00:00:03]} {[%emt 00:00:01]} 80. Rf8 {[%clk 00:18:43]} {[%emt 00:00:52]} Ka6
{[%clk 00:00:03]} {[%emt 00:00:02]} 81. g8=Q {[%clk 00:18:17]} {[%emt
00:00:31]} Rxg8 {[%clk 00:00:03]} {[%emt 00:00:02]} 82. Rxg8 {[%clk 00:18:01]}
{[%emt 00:00:21]} Kb7 {[%clk 00:00:03]} 83. Kd5 {[%clk 00:17:56]} {[%emt
00:00:11]} Ka6 {[%clk 00:00:03]} 84. Kc6 {[%clk 00:17:38]} {[%emt 00:00:24]}
Ka7 {[%clk 00:00:03]} 85. Rh8 {[%clk 00:17:28]} {[%emt 00:00:14]} Ka6 {[%clk
00:00:03]} {[%emt 00:00:02]} 1-0

[Event "National Elementary Championship"]
[Site "Columbus, Ohio, United States"]
[Date "2022.05.15"]
[Round "6.4"]
[White "Rao, Anjaneya"]
[Black "Moorhouse, Will"]
[Result "0-1"]
[TimeControl "G/90;d5"]
[WhiteElo "1945"]
[BlackElo "1740"]

1. e4 {[%clk 01:30:00]} {[%emt 00:00:05]} e5 {[%clk 01:29:59]} {[%emt
00:00:07]} 2. Nf3 {[%clk 01:29:57]} {[%emt 00:00:07]} Nc6 {[%clk 01:29:53]}
{[%emt 00:00:12]} 3. Bc4 {[%clk 01:29:57]} {[%emt 00:00:05]} Bc5 {[%clk
01:29:52]} {[%emt 00:00:07]} 4. O-O {[%clk 01:29:54]} {[%emt 00:00:07]} Nf6
{[%clk 01:29:43]} {[%emt 00:00:14]} 5. d3 {[%clk 01:29:50]} {[%emt 00:00:08]}
d6 {[%clk 01:29:20]} {[%emt 00:00:29]} 6. c3 {[%clk 01:29:45]} {[%emt
00:00:10]} O-O {[%clk 01:29:13]} {[%emt 00:00:11]} 7. a4 {[%clk 01:29:44]}
{[%emt 00:00:07]} a5 {[%clk 01:29:06]} {[%emt 00:00:13]} 8. h3 {[%clk
01:29:33]} {[%emt 00:00:15]} h6 {[%clk 01:29:05]} {[%emt 00:00:06]} 9. Re1
{[%clk 01:29:07]} {[%emt 00:00:31]} Nh7 {[%clk 01:26:09]} {[%emt 00:03:01]} 10.
Be3 {[%clk 01:12:12]} {[%emt 00:17:00]} Bxe3 {[%clk 01:25:38]} {[%emt
00:00:37]} 11. Rxe3 {[%clk 01:12:08]} {[%emt 00:00:09]} Kh8 {[%clk 01:23:33]}
{[%emt 00:02:10]} 12. Nbd2 {[%clk 01:00:24]} {[%emt 00:11:48]} f5 {[%clk
01:14:18]} {[%emt 00:09:21]} 13. exf5 {[%clk 01:00:02]} {[%emt 00:00:27]} Bxf5
{[%clk 01:13:18]} {[%emt 00:01:05]} 14. Bd5 {[%clk 00:54:27]} {[%emt 00:05:40]}
Bd7 {[%clk 01:09:42]} {[%emt 00:03:41]} 15. Be4 {[%clk 00:45:50]} {[%emt
00:08:42]} Nf6 {[%clk 01:03:46]} {[%emt 00:06:00]} 16. Nh4 {[%clk 00:44:08]}
{[%emt 00:01:54]} Be8 {[%clk 01:02:32]} {[%emt 00:01:20]} 17. Ng6+ {[%clk
00:39:32]} {[%emt 00:04:40]} Bxg6 {[%clk 01:02:26]} {[%emt 00:00:12]} 18. Bxg6
{[%clk 00:39:32]} {[%emt 00:00:05]} Ne7 {[%clk 01:00:28]} {[%emt 00:02:03]} 19.
Rg3 {[%clk 00:30:48]} {[%emt 00:08:48]} Nxg6 {[%clk 00:59:03]} {[%emt
00:01:31]} 20. Rxg6 {[%clk 00:30:26]} {[%emt 00:00:26]} Qe8 {[%clk 00:55:59]}
{[%emt 00:03:09]} 21. Rg3 {[%clk 00:28:34]} {[%emt 00:01:57]} Nh5 {[%clk
00:50:52]} {[%emt 00:05:09]} 22. Rf3 {[%clk 00:22:20]} {[%emt 00:06:22]} Qg6
{[%clk 00:46:55]} {[%emt 00:04:01]} 23. Ne4 {[%clk 00:19:48]} {[%emt 00:02:38]}
Nf6 {[%clk 00:45:34]} {[%emt 00:01:25]} 24. Nxf6 {[%clk 00:19:10]} {[%emt
00:00:44]} Rxf6 {[%clk 00:45:11]} {[%emt 00:00:29]} 25. Rxf6 {[%clk 00:18:41]}
{[%emt 00:00:33]} Qxf6 {[%clk 00:44:57]} {[%emt 00:00:18]} 26. Qb3 {[%clk
00:18:23]} {[%emt 00:00:23]} b6 {[%clk 00:42:36]} {[%emt 00:02:27]} 27. Qc4
{[%clk 00:15:17]} {[%emt 00:03:11]} Qe7 {[%clk 00:41:07]} {[%emt 00:01:33]} 28.
Re1 {[%clk 00:14:53]} {[%emt 00:00:30]} Qd7 {[%clk 00:38:54]} {[%emt 00:02:17]}
29. Qb5 {[%clk 00:03:58]} {[%emt 00:11:01]} Qxb5 {[%clk 00:30:51]} {[%emt
00:08:08]} 30. axb5 {[%clk 00:03:58]} {[%emt 00:00:01]} Rd8 {[%clk 00:30:39]}
{[%emt 00:00:17]} 31. Re4 {[%clk 00:03:23]} {[%emt 00:00:40]} Rf8 {[%clk
00:28:13]} {[%emt 00:02:32]} 32. Rc4 {[%clk 00:02:56]} {[%emt 00:00:32]} Rf7
{[%clk 00:27:55]} {[%emt 00:00:23]} 33. Kf1 {[%clk 00:02:32]} {[%emt 00:00:29]}
Kg8 {[%clk 00:26:54]} {[%emt 00:01:05]} 34. Ke2 {[%clk 00:02:29]} {[%emt
00:00:08]} Kf8 {[%clk 00:26:33]} {[%emt 00:00:27]} 35. Ke3 {[%clk 00:02:29]}
{[%emt 00:00:04]} Ke8 {[%clk 00:26:14]} {[%emt 00:00:23]} 36. Re4 {[%clk
00:01:46]} {[%emt 00:00:48]} Kd7 {[%clk 00:24:27]} {[%emt 00:01:52]} 37. g4
{[%clk 00:01:39]} {[%emt 00:00:13]} g5 {[%clk 00:21:33]} {[%emt 00:02:58]} 38.
d4 {[%clk 00:01:35]} {[%emt 00:00:09]} Ke6 {[%clk 00:20:44]} {[%emt 00:00:53]}
39. c4 {[%clk 00:01:28]} {[%emt 00:00:14]} Rd7 {[%clk 00:18:40]} {[%emt
00:02:08]} 40. d5+ {[%clk 00:00:08]} {[%emt 00:01:26]} Kf6 {[%clk 00:18:31]}
{[%emt 00:00:13]} 41. Ke2 {[%clk 00:00:07]} {[%emt 00:00:06]} Rd8 {[%clk
00:18:03]} {[%emt 00:00:33]} 42. Re3 {[%clk 00:00:07]} {[%emt 00:00:03]} Ra8
{[%clk 00:17:47]} {[%emt 00:00:21]} 43. Kd2 {[%clk 00:00:03]} {[%emt 00:00:09]}
Re8 {[%clk 00:15:43]} {[%emt 00:02:08]} 44. Rf3+ {[%clk 00:00:02]} {[%emt
00:00:07]} Kg6 {[%clk 00:15:38]} {[%emt 00:00:11]} 45. Rf5 {[%clk 00:00:02]}
{[%emt 00:00:05]} h5 {[%clk 00:15:32]} {[%emt 00:00:10]} 46. Ke3 {[%clk
00:00:01]} {[%emt 00:00:07]} Ra8 {[%clk 00:14:08]} {[%emt 00:01:29]} 47. Ke4
{[%clk 00:00:01]} {[%emt 00:00:03]} hxg4 {[%clk 00:14:02]} {[%emt 00:00:11]} 48.
hxg4 {[%clk 00:00:01]} {[%emt 00:00:04]} Rh8 {[%clk 00:13:39]} {[%emt
00:00:28]} 49. Rf3 {[%clk 00:00:01]} {[%emt 00:00:04]} Rh4 {[%clk 00:13:26]}
{[%emt 00:00:17]} 50. Rg3 {[%clk 00:00:01]} {[%emt 00:00:02]} Rh2 {[%clk
00:13:11]} {[%emt 00:00:20]} 51. Ke3 {[%clk 00:00:01]} {[%emt 00:00:04]} Rh1
{[%clk 00:12:35]} {[%emt 00:00:41]} 52. Rf3 {[%clk 00:00:01]} {[%emt 00:00:05]}
Rg1 {[%clk 00:12:29]} {[%emt 00:00:10]} 0-1

[Event "National Elementary Championship"]
[Site "Columbus, Ohio, United States"]
[Date "2022.05.15"]
[Round "6.5"]
[White "Harish, Neeraj"]
[Black "Tessiore, Luca"]
[Result "1-0"]
[TimeControl "G/90;d5"]
[WhiteElo "2137"]
[BlackElo "1850"]

1. e4 {[%clk 01:30:00]} {[%emt 00:00:42]} e5 {[%clk 01:30:00]} 2. Nf3 {[%clk
01:30:00]} Nc6 {[%clk 01:30:00]} {[%emt 00:00:17]} 3. Bc4 {[%clk 01:30:00]} Bc5
{[%clk 01:30:00]} 4. d3 {[%clk 01:30:00]} Nf6 {[%clk 01:30:00]} 5. O-O {[%clk
01:29:59]} O-O {[%clk 01:30:00]} 6. h3 {[%clk 01:29:48]} {[%emt 00:00:10]} h6
{[%clk 01:29:07]} {[%emt 00:01:25]} 7. Nbd2 {[%clk 01:29:35]} {[%emt 00:00:08]}
d6 {[%clk 01:21:35]} {[%emt 00:07:15]} 8. c3 {[%clk 01:29:20]} {[%emt
00:00:24]} a5 {[%clk 01:19:39]} {[%emt 00:02:00]} 9. Re1 {[%clk 01:29:11]}
{[%emt 00:00:11]} Re8 {[%clk 01:19:37]} {[%emt 00:00:22]} 10. Nf1 {[%clk
01:29:00]} {[%emt 00:00:05]} d5 {[%clk 01:18:40]} {[%emt 00:01:13]} 11. exd5
{[%clk 01:26:03]} {[%emt 00:02:47]} Nxd5 {[%clk 01:18:39]} {[%emt 00:00:08]} 12.
Ng3 {[%clk 01:24:11]} {[%emt 00:01:57]} Be6 {[%clk 01:17:14]} {[%emt 00:01:28]}
13. Bb5 {[%clk 01:16:55]} {[%emt 00:07:22]} Bd7 {[%clk 01:07:58]} {[%emt
00:09:20]} 14. Bxc6 {[%clk 01:05:51]} {[%emt 00:11:11]} Bxc6 {[%clk 01:07:51]}
{[%emt 00:00:19]} 15. Nxe5 {[%clk 01:02:38]} {[%emt 00:03:10]} Bxf2+ {[%clk
01:07:31]} {[%emt 00:00:42]} 16. Kxf2 {[%clk 01:02:34]} Rxe5 {[%clk 01:07:25]}
{[%emt 00:00:05]} 17. Rxe5 {[%clk 01:02:23]} {[%emt 00:00:12]} Qf6+ {[%clk
01:07:22]} {[%emt 00:00:39]} 18. Rf5 {[%clk 01:02:16]} {[%emt 00:00:04]} Nxc3
{[%clk 01:07:13]} 1-0